Kinetické studium vybraných intramolekulárnych reakcií katalyzovaných přenosem protonu

Salvato in:
Dettagli Bibliografici
Autore principale: Sedlák, Miloš
Natura: Libro
Lingua:slovacco
Pubblicazione: Pardubice Univerzita Pardubice, Fakulta chemicko-technologická 2006
Accesso online:Visualizza in OPAC
Tags: Aggiungi Tag
Nessun Tag, puoi essere il primo ad aggiungerne!!

MARC

LEADER 00000nam a2200000 a 4500
005 20260127134101.0
008 120320 2006 xo 000 0 slo d
035 |a vtls010348320 
039 9 |y 201203201159  |z mschk03 
040 |a STUSCHK1  |b slo  |c STUSCHK1  |e AACR2 
100 1 |a Sedlák, Miloš 
245 1 |a Kinetické studium vybraných intramolekulárnych reakcií katalyzovaných přenosem protonu  |c Miloš Sedlák 
260 |a Pardubice  |b Univerzita Pardubice, Fakulta chemicko-technologická  |c 2006 
300 |a 172 s.  |b il.  |c 30 cm 
500 |a Obháj.: 1.10. 2007 
500 |a Fakulta chemickej a potravinárskej technológie STU, Ústav fyzikálnej chémie a chemickej fyziky 
500 |a Doktorská dizertačná práca 
500 |a Vedný odbor: 14-02-9 organická chemie 
910 |a SCHK95 
999 |c 3710  |d 3710